| 000 -LEADER |
| fixed length control field |
01348nam a22002657a 4500 |
| 008 - FIXED-LENGTH DATA ELEMENTS--GENERAL INFORMATION |
| fixed length control field |
250528b xxu||||| |||| 00| 0 eng d |
| 040 ## - CATALOGING SOURCE |
| Original cataloging agency |
Cagayan State University |
| Description conventions |
RDA |
| 082 ## - DEWEY DECIMAL CLASSIFICATION NUMBER |
| Classification number |
791.4372 |
| Item number |
S6283 2024 |
| 245 ## - TITLE STATEMENT |
| Title |
Skincare / directed by Austin Peters ; written by Sam Freilich, Deering Regan, Austin Peters ; produced by Jonathan Schwartz, Logan Lerman. |
| 260 ## - PUBLICATION, DISTRIBUTION, ETC. (IMPRINT) |
| Place of publication, distribution, etc |
United States : |
| Name of publisher, distributor, etc |
IFC Films, |
| Date of publication, distribution, etc |
2024. |
| 300 ## - PHYSICAL DESCRIPTION |
| Extent |
1 videofile, (ca. 96 mins.) : |
| Other physical details |
sound, color. |
| 520 ## - SUMMARY, ETC. |
| Summary, etc |
Famed aesthetician Hope Goldman is about to take her career to the next level by launching her very own skincare line. However, she soon faces a new challenge when a rival opens a boutique directly across from her store. Suspecting that someone is trying to sabotage her, she embarks on a quest to unravel the mystery of who's trying to destroy her life. |
| 521 ## - TARGET AUDIENCE NOTE |
| Target audience note |
Rated R for sexual content, graphic nudity, language throughout, some violence and brief drug use. |
| 650 ## - SUBJECT ADDED ENTRY--TOPICAL TERM |
| Topical term or geographic name as entry element |
Comedy. |
| 650 ## - SUBJECT ADDED ENTRY--TOPICAL TERM |
| Topical term or geographic name as entry element |
Mystery. |
| 650 ## - SUBJECT ADDED ENTRY--TOPICAL TERM |
| Topical term or geographic name as entry element |
Thriller. |
| 700 ## - ADDED ENTRY--PERSONAL NAME |
| Personal name |
Banks, Elizabeth, star. |
| 700 ## - ADDED ENTRY--PERSONAL NAME |
| Personal name |
Pullman, Lewis, star. |
| 700 ## - ADDED ENTRY--PERSONAL NAME |
| Personal name |
Rodriguez, Michaela Jaé, star. |
| 700 ## - ADDED ENTRY--PERSONAL NAME |
| Personal name |
Méndez, Luis Gerardo, star. |
| 700 ## - ADDED ENTRY--PERSONAL NAME |
| Personal name |
Fillion, Nathan, star. |
| 700 ## - ADDED ENTRY--PERSONAL NAME |
| Personal name |
Ripley, Christopher, cinematographer. |
| 700 ## - ADDED ENTRY--PERSONAL NAME |
| Personal name |
Zempel, Laura, editor. |
| 942 ## - ADDED ENTRY ELEMENTS (KOHA) |
| Source of classification or shelving scheme |
|
| Item type |
Audio-Visual Materials |